Сборник задач по высшей математике: учебное пособие

Bibliographic Details
Main Author: Бугров Я. С. Яков Степанович
Other Authors: Никольский С. М. Сергей Михайлович
Language:Russian
Published: Ростов-на-Дону, Феникс, 1997
Edition:3-е изд., доп.
Series:Высшая математика
Subjects:
Format: Book
KOHA link:https://koha.lib.tpu.ru/cgi-bin/koha/opac-detail.pl?biblionumber=9976

MARC

LEADER 00000nam0a2200000 4500
001 9976
005 20231030182728.0
010 |a 5222002500 
035 |a (RuTPU)RU\TPU\book\10032 
035 |a BOOK00010095 
090 |a 9976 
100 |a 20011209d1997 m y0rusy50 ca 
101 0 |a rus 
102 |a RU 
105 |a y j 000zy 
200 1 |a Сборник задач по высшей математике  |e учебное пособие  |f Я. С. Бугров, С. М. Никольский 
205 |a 3-е изд., доп. 
210 |a Ростов-на-Дону  |c Феникс  |d 1997 
215 |a 352 с. 
225 1 |a Высшая математика 
451 1 |0 (RuTPU)RU\TPU\book\51446  |y 5-9221-0177-3  |t Сборник задач по высшей математике  |o учебник  |f Я. С. Бугров, С. М. Никольский   |e 3-е изд.  |c М.  |n Физматлит  |d 2001  |p 301 с.  |a Бугров, Яков Степанович 
610 1 |a математика 
610 1 |a задачи 
610 1 |a практические пособия 
610 1 |a учебные пособия 
675 |a 51(076)  |v 3 
700 1 |a Бугров  |b Я. С.  |g Яков Степанович 
701 1 |a Никольский  |b С. М.  |g Сергей Михайлович 
801 0 |a RU  |b 63413507  |c 20011209  |g PSBO 
801 2 |a RU  |b 63413507  |c 20201113  |g PSBO 
942 |c BK